000 01203cam a2200289 4500
008 030319n2003 000 0 eng u
020 _a184219142X
035 _a(Sirsi) u121674
041 0 _aeng
050 0 3 _a526.9 $2 18
100 1 _aWaters, Robin
245 0 0 _aGetting it together
_bthe geography jigsaw
_bsustainable partnerships
_bpeople, places and information
260 _aLondon
_bRICS
_c2003
300 _a20p.
_c30cm.
490 0 _aRICS Geomatics Faculty Research Report
520 _aArgues that although aid is given to major development projects in developing countries insufficient funding is being made available to meet the mapping needs of those nations. The report highlights the sources of support available and suggests ways that aid for mapping infrastructure can be enhanced.
650 _aGEOMATICS
650 _aMAPPING
650 _aSPATIAL DATA INFRASTRUCTURE
651 4 _aInternational
690 _aGeomatics
_96242
700 1 _aWoodsford, Peter
700 1 _aHopkins, Rosemary
710 2 _aRoyal Institution of Chartered Surveyors
_bFoundation
_94173
710 2 _aRoyal Institution of Chartered Surveyors
_bGeomatics Faculty
_94352
942 _n0
_2ddc
999 _c102702
_d102702